000 00360 a2200157 4500
001 150546
040 _cEscola São Tomás de Aquino
100 _aHARLOW, Rosie
240 1 0 _aInsetos e outros bichinhos
_lpor
245 1 0 _aInsetos e outros bichinhos
300 _a40
362 0 _a1998
440 1 _aMelhoramentos
697 _aCIÊNCIAS
942 _cBK
999 _c150546
_d150546